Foreign Residents of Japan - Statistics

General Stats
  • This quiz has been taken 220 times
  • The average score is 7 of 10
Answer Stats
Residents Nationality % Correct
695,522 China
97%
53,705 United States
97%
453,096 South Korea
93%
53,768 Taiwan
82%
199,990 Vietnam
82%
47,647 Thailand
78%
243,662 Philippines
77%
180,923 Brazil
74%
47,740 Peru
42%
67,470 Nepal
22%
No matching quizzes found
Score Distribution
Percent of People with Each Score
Percentile by Number Answered
Your Score History
You have not taken this quiz